Tisíc deväťsto osemdesiatštyri

Bibliographic Details
Main Author: Orwell, George, 1903-1950 (Author)
Other Authors: Šimečková, Eva, 1931-2003 (Translator), Feldek, Ľubomír, 1936- (Translator)
Format: Article
Language:Slovak
English
Subjects:

MARC

LEADER 00000nab a2200000 a 4500
001 vtls000402300
003 SK-MaSNL
005 20260305000943.0
008 230313c1990 xo 0 slo
015 |a SNBRB19rr/mm-uuuuu 
035 |a CL0402424 
035 |a urn:nbn:sk:snk-abblcr 
035 |a (urnnbn)urn:nbn:sk:snk:ar-0047j8 
035 |a (uuid)1bc9575a-6d0b-4e54-ab39-2c60cdf5abe7 
040 |a SNKBUCL  |b slo  |c SNKBUCL  |e AACR2 
041 1 |a slo  |h eng 
044 |a xo  |c SK 
080 |a 820-3  |2 1981 
100 1 |a Orwell, George,  |d 1903-1950  |4 aut  |9 92374 
245 1 0 |a Tisíc deväťsto osemdesiatštyri  |c George Orwell ; [preklad] Eva Šimečková, Ľubomír Feldek 
300 |b Fot. 12. 
500 |a Názov románu na dok.: 1984 
655 7 |a anglické romány  |2 snkbucl  |9 70428 
655 7 |a články z novín a časopisov  |2 snkbucl  |9 267496 
655 7 |a články z odboru literárna veda a krásna literatúra  |2 snkbucl  |9 770045 
655 7 |a úryvky  |2 snkbucl  |9 84604 
700 1 |a Šimečková, Eva,  |d 1931-2003  |4 trl  |9 169615 
700 1 |a Feldek, Ľubomír,  |d 1936-  |4 trl  |9 89477 
773 0 |t Revue svetovej literatúry  |g Roč. 26, č. 7 (1990), s. 3-88 
850 |a Slovenská národná knižnica v Martine  |a MTA001 
852 |a SNK  |b KIS3GCP 
958 |a RK 
958 |a LX 
958 |a OND 
958 |a EUIPO 
958 |a article15 
999 |c 3216421  |d 3218351